00278nam a2200097Ia 4500008004100000100001700041245003100058260003900089300000900128650004300137190216s9999||||xx |||||||||||||| ||und|| aElias M Awad 0aSystem Analysis And Design bGalgotia Publication Pvt Ltfc1993 a522p a"Computer Programming. Programs, Data"